Auf Flügeln des Gesanges, Op. 24 Fantasie : Klavier zu 4 Händen /

Hlavní autor: Leybach, Joseph, 1817-1891
Další autoři: Mendelssohn-Bartholdy, Felix, 1809-1847
Jazyk: Nelze použít, není lingvistický obsah
Vydáno: Mainz : Schott, [1917?]
Edice: Edition Schott
Fyzický popis: 11 s.
Hudebniny Hudebniny
Uloženo v:
LEADER 00877ncm a22002412a 4500
001 000581871
003 CZ BrMZK
005 20110609094951.0
007 qu
008 010825s1917 gw f zxx d
040 |a BOA001  |b cze 
072 7 |a 786  |x Hudba pro klávesové nástroje  |2 Konspekt  |9 9 
100 1 |a Leybach, Joseph,  |d 1817-1891  |7 xx0020200  |4 cmp 
245 1 0 |a Auf Flügeln des Gesanges, Op. 24  |h [hudebnina] :  |b Fantasie : Klavier zu 4 Händen /  |c Ignace Xavier Joseph Leybach ; F. Mendelssohn 
260 |a Mainz :  |b Schott,  |c [1917?] 
300 |a 11 s. 
490 1 |a Edition Schott ;  |v 08309, 08310 
700 1 |a Mendelssohn-Bartholdy, Felix,  |d 1809-1847  |7 jn19990005595  |4 cmp 
830 0 |a Edition Schott 
910 |a BOA001  |b Mus4-0278.481 
990 |a MU 
991 |b 201009 
996 6 |b 2619728099  |c Mus4-0278.481  |l MZK  |r Sklad / do 1 hodiny  |n 0  |w 000581871  |u 000010  |a 1  |e BOA001  |j MZK50  |s P